[Event "Mechanics' Leighton Allen TNM; G/2"]
[Site "San Francisco"]
[Date "2015.09.29"]
[Round "9.36"]
[White "Ayinala, Nihar"]
[Black "Hilliard, Michael"]
[Result "1/2-1/2"]
[WhiteElo "1054"]
[BlackElo "1418"]
[PlyCount "43"]
[EventDate "2015.??.??"]

1. c4 e5 2. Nc3 Nf6 3. g3 Bc5 4. Bg2 d6 5. e3 Nc6 6. Nge2 Be6 7. d4 exd4 8.
Nxd4 Qd7 9. Nxe6 fxe6 10. b3 O-O 11. O-O h6 12. Re1 Rae8 13. Bb2 a6 14. Ne4 e5
15. Nxf6+ Rxf6 16. Bd5+ Kh8 17. Qe2 Nb4 18. Bg2 Ref8 19. Rf1 a5 20. Be4 Qh3 21.
Bg2 Qe6 22. Be4 1/2-1/2

[Event "Mechanics' Spring TNM; G/2"]
[Site "San Francisco"]
[Date "2015.03.31"]
[Round "3.44"]
[White "Ayinala, Nihar"]
[Black "Nagle, Michael"]
[Result "0-1"]
[WhiteElo "1004"]
[BlackElo "1430"]
[PlyCount "36"]
[EventDate "2015.??.??"]

1. c4 c5 2. Nc3 g6 3. g3 Bg7 4. Bg2 Nc6 5. e3 d6 6. Nge2 e5 7. O-O Nge7 8. b3
O-O 9. Bb2 Bd7 10. Ne4 Qc7 11. d4 cxd4 12. exd4 f5 13. dxe5 Bxe5 14. Bxe5 dxe5
15. Nc5 Rad8 16. f4 Bc8 17. Qc2 Nb4 18. Qc3 Qxc5+ 0-1

[Event "Mechanics' Spring TNM; G/2"]
[Site "San Francisco"]
[Date "2015.03.17"]
[Round "1.32"]
[White "Ayinala, Nihar"]
[Black "Sherwood, Peter"]
[Result "0-1"]
[WhiteElo "1004"]
[BlackElo "1669"]
[PlyCount "60"]
[EventDate "2015.??.??"]

1. c4 Nf6 2. Nc3 c5 3. g3 d5 4. cxd5 Nxd5 5. Bg2 e6 6. e3 Nc6 7. Nge2 Be7 8.
O-O O-O 9. b3 Rb8 10. Bb2 Bf6 11. Na4 b6 12. Bxf6 Qxf6 13. Qc2 Ba6 14. Rfe1
Ncb4 15. Qc1 Nd3 16. Qb1 Nxe1 17. Qxe1 Bxe2 18. Qxe2 Qxa1+ 19. Qf1 Qxf1+ 20.
Kxf1 Rfd8 21. Nc3 Nxc3 22. dxc3 Rd2 23. a3 Rbd8 24. Be4 Ra2 25. a4 Rdd2 26. h4
Rxf2+ 27. Kg1 Rfd2 28. Bf3 Ra1+ 29. Bd1 Kf8 30. Kf1 Raxd1# 0-1

[Event "Mechanics' Leighton Allen TNM; G/2"]
[Site "San Francisco"]
[Date "2015.08.04"]
[Round "1.32"]
[White "Ayinala, Nihar"]
[Black "Starr, Albert Mart"]
[Result "0-1"]
[WhiteElo "1054"]
[BlackElo "1500"]
[PlyCount "36"]
[EventDate "2015.??.??"]

1. c4 e6 2. Nc3 c5 3. g3 a6 4. Bg2 Qc7 5. e3 Nc6 6. Nge2 Rb8 7. O-O b5 8. cxb5
axb5 9. a3 g6 10. Rb1 Nge7 11. b4 c4 12. Bb2 Bg7 13. Qc2 O-O 14. Nd1 d5 15.
Bxg7 Kxg7 16. Qb2+ Qe5 17. Qxe5+ Nxe5 18. Nd4 Nd3 {and Black eventually won.}
0-1

[Event "Mechanics' Leighton Allen TNM; G/2"]
[Site "San Francisco"]
[Date "2015.09.29"]
[Round "9.29"]
[White "Ayinala, Sankar"]
[Black "Brown, Nicholas M"]
[Result "1-0"]
[WhiteElo "998"]
[BlackElo "1451"]
[Annotator "Donaldson"]
[PlyCount "109"]
[EventDate "2015.??.??"]

1. c4 c6 2. e3 Nf6 3. Nc3 e6 4. Nf3 d5 5. Be2 Be7 6. O-O O-O 7. cxd5 cxd5 8. d4
Nbd7 9. Qc2 a6 10. b3 b5 11. Bb2 Bb7 12. Rab1 Rc8 13. Qd1 Bb4 14. Rc1 Qa5 15.
Qd3 Ne4 16. Nd1 Rxc1 17. Bxc1 Rc8 18. Bb2 Qxa2 19. Ne5 Ndf6 20. Bg4 Nd2 21. Bc3
Qa5 22. Qxd2 Bxc3 23. Nxc3 Qxc3 24. Qxc3 Rxc3 25. Rb1 Nxg4 26. Nxg4 f6 27. h4
h5 28. Nh2 e5 29. Nf3 e4 30. Nh2 Kf7 31. g4 hxg4 32. Nxg4 Bc8 33. Nh2 f5 34. b4
Kg6 35. Kg2 Kh5 36. Kg3 g5 37. hxg5 Kxg5 38. f4+ exf3 39. Kxf3 (39. Nxf3+ Kf6
40. Kf4) 39... f4 40. Rg1+ Kf5 41. Nf1 fxe3 (41... a5 $1 42. bxa5 b4 43. Rg8 b3
44. Rd8 Ke6 45. Kxf4 b2 46. Nd2 Rc2 47. Nb1 $15) 42. Nxe3+ Kf6 43. Kf4 Be6 44.
Ra1 Rc6 (44... Rd3) 45. Rh1 Ke7 46. Rh5 Kd6 47. Rh6 Kc7 48. Ke5 Bg8 49. Rxc6+
Kxc6 50. Nf5 {Diagram [#]} (50. Nc2 $11) 50... Kd7 (50... a5 $1 51. bxa5 b4 52.
Ne3 b3 $19) 51. Ne3 Kc6 52. Ng4 Bh7 53. Nf6 Be4 $4 (53... a5 54. bxa5 b4 55.
Nxd5 b3 56. Nc3 b2 $11) 54. Nxe4 dxe4 55. d5+ 1-0

[Event "Mechanics' Leighton Allen TNM; G/2"]
[Site "San Francisco"]
[Date "2015.09.01"]
[Round "5.29"]
[White "Ayinala, Sankar"]
[Black "Dupree, Charles"]
[Result "1-0"]
[WhiteElo "998"]
[BlackElo "1654"]
[PlyCount "50"]
[EventDate "2015.??.??"]

1. c4 Nf6 2. e3 e6 3. Nc3 b6 4. Nf3 Bb7 5. Be2 Bb4 6. O-O O-O 7. a3 Bxc3 8.
bxc3 d6 9. Rb1 Nbd7 10. Bb2 Qe7 11. Re1 Ne4 12. d4 Ndf6 13. Nd2 d5 14. cxd5
exd5 15. f3 Nd6 16. Bd3 Rfd8 17. Nf1 Qd7 18. Qc2 c5 19. Bc1 cxd4 20. cxd4 Rac8
21. Qe2 Nf5 22. Bxf5 Qxf5 23. Bd2 Rc4 24. e4 Qc8 25. Ne3 Rxd4 {
Remaining moves unavailable.} 1-0

[Event "Mechanics' Leighton Allen TNM; G/2"]
[Site "San Francisco"]
[Date "2015.09.15"]
[Round "7.23"]
[White "Ayinala, Sankar"]
[Black "Robertson, Guy"]
[Result "0-1"]
[WhiteElo "998"]
[BlackElo "1480"]
[Annotator "Donaldson"]
[PlyCount "76"]
[EventDate "2015.??.??"]

1. c4 Nf6 2. e3 c5 3. Nc3 e6 4. Nf3 d5 5. Be2 $2 (5. d4) 5... d4 $1 6. exd4
cxd4 7. Nb5 d3 $5 (7... Nc6 $1) 8. Bf1 b6 (8... a6 9. Nc3 Nc6) 9. Ne5 a6 10.
Nc3 Bb7 11. Nxd3 Be7 12. Ne5 O-O 13. Nf3 Nbd7 14. Be2 Nh5 15. O-O Nf4 16. d4
Nxe2+ 17. Qxe2 Nf6 18. Rd1 Bb4 19. Rb1 Rc8 20. a3 Bxc3 21. bxc3 Ne4 22. Bb2 f5
23. Ne5 Qg5 24. f3 Nf6 25. Rf1 (25. Bc1 Qh5 26. Rxb6) 25... Nh5 26. Bc1 Nf4 27.
Bxf4 Qxf4 28. Rxb6 Rc7 29. Nd3 Qh6 30. d5 Rf6 31. dxe6 Re7 32. Nc5 Bc8 33. Rd1
Bxe6 34. Rd8+ Kf7 35. Rb7 Qc1+ 36. Qf1 Qe3+ 37. Kh1 Qxc5 38. Rxe7+ Qxe7 0-1

[Event "Mechanics' Winter TNM; 30/90, SD/30"]
[Site "San Francisco"]
[Date "2015.02.10"]
[Round "6.42"]
[White "Ayinala, Shree"]
[Black "Agdamag, Samuel"]
[Result "1-0"]
[WhiteElo "1300"]
[BlackElo "1493"]
[PlyCount "75"]
[EventDate "2015.??.??"]

1. c4 Nf6 2. d4 e6 3. a3 b6 4. Nc3 Bb7 5. Nf3 d5 6. cxd5 exd5 7. g3 Nbd7 8. Bg2
Rc8 9. O-O Be7 10. Re1 O-O 11. e3 Re8 12. Bd2 c5 13. h3 a6 14. a4 Kh8 15. b3
Bd6 16. Rb1 Rc7 17. Kh1 Qc8 18. Na2 Ne4 19. Kg1 Ndf6 20. Nc3 Nxd2 21. Qxd2 cxd4
22. Nd1 dxe3 23. Nxe3 Ne4 24. Qd3 Rc3 25. Qd1 a5 26. Nxd5 Bc5 27. Rxe4 Bxd5 28.
Rxe8+ Qxe8 29. Qxd5 Rc2 30. Rf1 Kg8 31. Qe5 Qd8 32. Qf5 Re2 33. Ng5 f6 34.
Qxh7+ Kf8 35. Qh8+ Ke7 36. Qxg7+ Kd6 37. Rd1+ Ke5 38. Nf7+ 1-0

[Event "Mechanics' Spring TNM; G/2"]
[Site "San Francisco"]
[Date "2015.03.17"]
[Round "1.29"]
[White "Ayinala, Shree"]
[Black "Chalissery, Jossy"]
[Result "1/2-1/2"]
[WhiteElo "1281"]
[BlackElo "1706"]
[PlyCount "68"]
[EventDate "2015.??.??"]

1. c4 d6 2. d4 Nf6 3. Nc3 e6 4. e4 Be7 5. Nf3 c5 6. d5 e5 7. Be2 O-O 8. O-O Re8
9. h3 Nbd7 10. b3 Nf8 11. Be3 Ng6 12. Qd2 Bd7 13. Rfd1 Qc8 14. Kh2 Bd8 15. Qc1
Ba5 16. Bd3 Nh5 17. Ne2 Bd8 18. Rb1 f5 19. exf5 Bxf5 20. Bxf5 Qxf5 21. Re1 Bf6
22. Nd2 Nhf4 23. g4 Qd7 24. Qc2 Nxe2 25. Rxe2 Nf4 26. Bxf4 exf4 27. Rbe1 Rxe2
28. Rxe2 Re8 29. Nf3 g5 30. Rxe8+ Qxe8 31. Qf5 Qe7 32. Kg2 Kg7 33. Nd2 Be5 34.
Nf3 Bf6 1/2-1/2

[Event "Mechanics' Leighton Allen TNM; G/2"]
[Site "San Francisco"]
[Date "2015.08.04"]
[Round "1.22"]
[White "Ayinala, Shree"]
[Black "Chen, Mingson"]
[Result "0-1"]
[WhiteElo "1322"]
[BlackElo "1900"]
[PlyCount "38"]
[EventDate "2015.??.??"]

1. c4 e6 2. Nc3 c5 3. g3 Nf6 4. Bg2 d5 5. e3 Nc6 6. cxd5 exd5 7. d4 Be6 8. Nge2
Be7 9. O-O O-O 10. Bd2 Qd7 11. Rc1 Rac8 12. Nf4 Bg4 13. f3 Bf5 14. e4 dxe4 15.
fxe4 Bg4 16. Bf3 Bxf3 17. Qxf3 cxd4 18. Rfd1 Ne5 19. Qf2 dxc3 0-1

[Event "Mechanics' Spring TNM; G/2"]
[Site "San Francisco"]
[Date "2015.03.31"]
[Round "3.35"]
[White "Ayinala, Shree"]
[Black "Everett III, Willard"]
[Result "0-1"]
[WhiteElo "1281"]
[BlackElo "1673"]
[PlyCount "46"]
[EventDate "2015.??.??"]

1. c4 e6 2. d4 d5 3. Nc3 Nf6 4. cxd5 exd5 5. Nf3 Nbd7 6. e3 c5 7. Be2 c4 8. O-O
Bd6 9. a3 a6 10. Qc2 Qc7 11. h3 b5 12. e4 dxe4 13. Nxe4 Bb7 14. Nxd6+ Qxd6 15.
Rd1 O-O 16. Bd2 Rfe8 17. Bb4 Qb6 18. Bc3 a5 19. b4 cxb3 20. Qd3 Ba6 21. Qd2 Ne4
22. Qb2 Nxc3 23. Qxc3 Rxe2 0-1

[Event "Mechanics' Leighton Allen TNM; G/2"]
[Site "San Francisco"]
[Date "2015.09.01"]
[Round "5.21"]
[White "Ayinala, Shree"]
[Black "Newey, Richard H"]
[Result "1/2-1/2"]
[WhiteElo "1322"]
[BlackElo "1856"]
[Annotator "Donaldson"]
[PlyCount "92"]
[EventDate "2015.??.??"]

1. c4 Nf6 2. Nc3 g6 3. g3 Bg7 4. Bg2 c6 5. e3 O-O 6. Nge2 d5 7. cxd5 cxd5 8.
O-O e5 9. d4 exd4 10. Nxd4 Nc6 11. Nxc6 bxc6 12. e4 Be6 13. Bg5 Qa5 14. Bd2 Qc7
15. Bf4 Qd7 16. exd5 Nxd5 17. Nxd5 Bxd5 18. Bxd5 cxd5 19. Rb1 Rac8 20. Re1 Rfe8
21. Rxe8+ Rxe8 22. Be3 d4 23. Bf4 Qd5 24. b3 h5 25. h4 Qf5 26. Rc1 Re4 27. Qd2
Kh7 28. Rc7 Qe6 29. Rc1 Re2 30. Qa5 Qe7 31. Qc7 Bh6 32. Qxe7 Rxe7 33. Bxh6 Kxh6
34. Rd1 Rd7 35. Kg2 Kg7 36. Kf3 f5 37. Ke2 Kf6 38. Kd3 Ke5 39. Re1+ Kd5 40. Rc1
Rd6 41. Rc4 Ke5 42. f4+ Ke6 43. Rxd4 Ra6 44. a4 Rb6 45. b4 Rc6 46. b5 Rc1 {
After 47.a5 White should win.} 1/2-1/2

[Event "Mechanics' Leighton Allen TNM; G/2"]
[Site "San Francisco"]
[Date "2015.09.22"]
[Round "8.26"]
[White "Ayinala, Shree"]
[Black "Simpkins, Jerry"]
[Result "1-0"]
[WhiteElo "1322"]
[BlackElo "1536"]
[Annotator "Donaldson"]
[PlyCount "33"]
[EventDate "2015.??.??"]

1. c4 e5 2. Nc3 f5 3. g3 Nf6 4. Bg2 Nc6 5. e3 d6 6. Nge2 Be6 7. b3 (7. Nd5)
7... g6 (7... d5) 8. O-O Bg7 9. d4 d5 10. dxe5 Nxe5 11. cxd5 Nxd5 12. Nxd5 Nf3+
13. Bxf3 Bxa1 14. Bg2 c6 15. Ndf4 Qf6 16. Ba3 Be5 17. Nxe6 {
White won in a few more moves, which are unavailable.} 1-0

[Event "Mechanics' Leighton Allen TNM; G/2"]
[Site "San Francisco"]
[Date "2015.09.29"]
[Round "9.20"]
[White "Ayinala, Shree"]
[Black "Walder, Michael S"]
[Result "0-1"]
[WhiteElo "1322"]
[BlackElo "2113"]
[Annotator "Donaldson"]
[PlyCount "54"]
[EventDate "2015.??.??"]

1. c4 c5 2. Nc3 Nc6 3. g3 g6 4. Bg2 Bg7 5. e3 e6 6. Nge2 Nge7 7. O-O b6 8. d4
cxd4 9. Nxd4 O-O 10. b3 (10. Ndb5) 10... Bb7 11. Bb2 (11. Ba3) 11... a6 12. Rb1
(12. Rc1 Qc7 13. Nd5) 12... Qc7 13. Qd2 Rac8 14. Rfd1 Nxd4 15. exd4 Bxg2 16.
Kxg2 d5 17. cxd5 Nxd5 18. Rbc1 Qb7 19. Nxd5 Qxd5+ 20. Kg1 Rfd8 21. Qe2 b5 22.
Qd2 Rxc1 23. Rxc1 {Diagram [#]} e5 $1 (23... Bxd4 24. Bxd4 Qxd4 (24... e5 25.
Qg5 Qxd4 26. Qf6) 25. Qxd4 Rxd4 26. Rc6) 24. Qa5 exd4 25. Qxa6 d3 26. Bxg7 d2
27. Rd1 Qf3 0-1

[Event "Mechanics' Fall TNM; G/2"]
[Site "San Francisco"]
[Date "2015.11.03"]
[Round "3.22"]
[White "Babayan, Gagik"]
[Black "Brown, Nicholas M"]
[Result "1-0"]
[WhiteElo "1781"]
[BlackElo "1451"]
[PlyCount "73"]
[EventDate "2015.??.??"]

1. e4 c6 2. d4 d5 3. Nc3 dxe4 4. Nxe4 Bf5 5. Ng3 Bg6 6. Nf3 e6 7. h4 h6 8. Ne5
Bh7 9. c3 Nf6 10. Bd3 Bxd3 11. Qxd3 Bd6 12. Nc4 Bxg3 13. Qxg3 g6 14. Nd6+ Ke7
15. Nxb7 Qd5 16. Nc5 Nbd7 17. Nxd7 Qxd7 18. O-O Rag8 19. f3 Nh5 20. Qe5 Ng7 21.
b3 Nf5 22. Ba3+ Nd6 23. Rad1 f6 24. Qc5 Rd8 25. Rfe1 Kf7 26. Qxd6 Qxd6 27. Bxd6
Rxd6 28. Kf2 Rhd8 29. Ke2 c5 30. dxc5 Rxd1 31. Rxd1 Rxd1 32. Kxd1 Ke7 33. Kd2
Kd7 34. Kd3 e5 35. Kc4 Kc6 36. b4 f5 37. b5+ 1-0

[Event "Mechanics' Fall TNM; G/2"]
[Site "San Francisco"]
[Date "2015.10.20"]
[Round "1.29"]
[White "Babayan, Gagik"]
[Black "Erdenebileg, Enkhj"]
[Result "1-0"]
[WhiteElo "1781"]
[BlackElo "814"]
[PlyCount "65"]
[EventDate "2015.??.??"]

1. e4 e5 2. Nf3 Nc6 3. Bb5 Bc5 4. O-O d6 5. d4 exd4 6. Nxd4 Nge7 7. Nc3 O-O 8.
Nxc6 Nxc6 9. Nd5 a6 10. Bxc6 bxc6 11. Nf4 Re8 12. Qd3 Bb7 13. c4 Qd7 14. Be3
Bb6 15. Rad1 Rad8 16. c5 Ba7 17. f3 Re5 18. b4 Bc8 19. g4 dxc5 20. Qxd7 Rxd7
21. Nd3 Re8 22. bxc5 Red8 23. Nb2 Rxd1 24. Rxd1 Rxd1+ 25. Nxd1 g6 26. g5 f5 27.
gxf6 Kf7 28. Bd4 Be6 29. a3 g5 30. Nf2 h5 31. Nd3 g4 32. f4 Bc4 33. Ne5+ 1-0

[Event "Mechanics' Fall TNM; G/2"]
[Site "San Francisco"]
[Date "2015.11.10"]
[Round "4.9"]
[White "Babayan, Gagik"]
[Black "Ortega, Bill"]
[Result "0-1"]
[WhiteElo "1781"]
[BlackElo "2077"]
[PlyCount "107"]
[EventDate "2015.??.??"]

1. e4 d5 2. exd5 Nf6 3. Bb5+ Bd7 4. Be2 Nxd5 5. d4 Bf5 6. Bd2 e6 7. a3 c5 8.
Nf3 Nc6 9. dxc5 Bxc5 10. c4 Nf6 11. Nc3 O-O 12. O-O a5 13. Bg5 Qe7 14. Qa4 h6
15. Bh4 Nd4 16. Nxd4 Bxd4 17. Rac1 g5 18. Bg3 Bxc3 19. Rxc3 Ne4 20. Rcc1 Nc5
21. Qb5 a4 22. Rfd1 Rfd8 23. Be5 Be4 24. Bc3 Qc7 25. Rxd8+ Rxd8 26. Ba5 Qf4 27.
Rf1 Rc8 28. Bb4 Nd3 29. Bc3 Bc6 30. Qb6 Nc1 31. Bh5 Nd3 32. Rd1 Qxc4 33. Bf3
Bxf3 34. gxf3 Qc5 35. Qxc5 Nxc5 36. Rd6 Rc7 37. Kg2 Rd7 38. Rb6 Kh7 39. Rb4 Kg6
40. Bd4 Nd3 41. Rxa4 b5 42. Ra5 Rxd4 43. Rxb5 Nf4+ 44. Kg3 h5 45. h3 Rd1 46.
Kh2 Rf1 47. a4 Rxf2+ 48. Kg1 Nxh3+ 49. Kh1 g4 50. fxg4 hxg4 51. Rb3 Rf4 52. Ra3
Rf2 53. Rb3 Ng5 54. Kg1 {scoresheets fail ... Black won} 0-1

[Event "Mechanics' Fall TNM; G/2"]
[Site "San Francisco"]
[Date "2015.12.01"]
[Round "7.20"]
[White "Babayan, Gagik"]
[Black "Quang, Danny Kt"]
[Result "1-0"]
[WhiteElo "1781"]
[BlackElo "1596"]
[PlyCount "133"]
[EventDate "2015.??.??"]

1. e4 d5 2. exd5 Qxd5 3. Nc3 Qa5 4. d4 Nf6 5. Bd2 Qb6 6. Nf3 Bg4 7. Rb1 e6 8.
a3 c6 9. Be3 Qc7 10. Be2 Bxf3 11. Bxf3 Bd6 12. g3 Nbd7 13. O-O O-O 14. Ne4 Nxe4
15. Bxe4 f5 16. Bg2 Nf6 17. f4 Rad8 18. c3 Kh8 19. b4 b5 20. Qe2 Nd5 21. Bd2
Qe7 22. Rfe1 Rfe8 23. c4 bxc4 24. Qxc4 Rc8 25. Rbc1 Qd7 26. Rc2 Rc7 27. Rec1
Rec8 28. Qb3 h6 29. Bf1 Rb8 30. Qd3 Kg8 31. Kg2 Kf7 32. Qa6 Rb6 33. Qe2 Rb8 34.
Qh5+ Kg8 35. Bc4 Kh7 36. Bxd5 exd5 37. Re1 g6 38. Qe2 Qf7 39. Qe6 Qxe6 40. Rxe6
Rd8 {Diagram #} 41. b5 $1 Re7 42. Rxe7+ Bxe7 43. Rxc6 Rd7 44. a4 Kg7 45. Ba5
Rb7 46. Bc7 Kf7 47. Kf3 h5 48. h3 Bf6 49. Be5 Be7 50. g4 hxg4+ 51. hxg4 fxg4+
52. Kxg4 Rd7 53. f5 gxf5+ 54. Kxf5 Bb4 55. Rc7 Ke7 56. Rc6 Rb7 57. Rh6 Kd7 58.
Rh7+ Kc8 59. Rxb7 Kxb7 60. Ke6 a6 61. Kxd5 Bc3 62. Kc5 axb5 63. axb5 Ba5 64. d5
Bd8 65. d6 Kc8 66. Kc6 Ba5 67. b6 1-0

[Event "Mechanics' Fall TNM; G/2"]
[Site "San Francisco"]
[Date "2015.12.15"]
[Round "9.9"]
[White "Babayan, Gagik"]
[Black "Vickers, Keith"]
[Result "0-1"]
[WhiteElo "1781"]
[BlackElo "2200"]
[Annotator "Donaldson"]
[PlyCount "96"]
[EventDate "2015.??.??"]

1. e4 d5 2. exd5 Qxd5 3. Nc3 Qd6 4. Nf3 Nf6 5. d4 Bg4 6. Be2 c6 7. O-O e6 8.
Ne5 Bxe2 9. Nxe2 Nbd7 10. Nxd7 Qxd7 11. c3 Bd6 12. Bf4 O-O 13. h3 Rfd8 14. Bg5
Be7 15. Qc2 Qd5 16. Bh4 Rd7 17. Nf4 Qa5 18. b4 Qb5 19. Bxf6 Bxf6 20. Qe4 Qc4
21. Qf3 e5 22. Nh5 Qd5 $2 {Diagram [#]} 23. Qg4 $2 (23. Qxf6 gxf6 24. Nxf6+ Kg7
25. Nxd5 Rxd5 26. dxe5 Rxe5 27. Rfe1 {leaves White a clean pawn up although
there is still much work needed to win the game.}) 23... Rd6 24. Nxf6+ Rxf6 25.
f3 $2 (25. dxe5 Qxe5 (25... Rg6 26. Rad1) 26. Qd7) 25... exd4 26. cxd4 Rd8 27.
Rfe1 Re6 28. Rxe6 fxe6 29. Kh1 Qf5 30. Qg3 Qd5 31. Qg4 Rd6 32. Re1 Qxd4 33. Qh5
g6 34. Qa5 Qb6 35. Qa3 Qf2 36. Re4 Rd2 37. Rg4 Rxa2 38. Qd3 Qe1+ 39. Kh2 Qe5+
40. f4 Qd5 41. Qc3 Rd2 42. Qf6 Qf5 43. Qe7 Qf7 44. Qc5 a6 45. Qe5 Rd8 46. Qg5
Rd5 47. Qh4 Rd4 48. Qf2 Rxb4 0-1

[Event "Mechanics' Winter TNM; 30/90, SD/30"]
[Site "San Francisco"]
[Date "2015.01.06"]
[Round "1.35"]
[White "Bachseitz, Martin"]
[Black "Bayaraa, Bilguun"]
[Result "1-0"]
[WhiteElo "1712"]
[BlackElo "644"]
[PlyCount "57"]
[EventDate "2015.??.??"]

1. e4 e5 2. Nf3 Nc6 3. Bb5 d6 4. O-O Nf6 5. Re1 Be7 6. h3 O-O 7. c3 Be6 8. d4
exd4 9. cxd4 a6 10. Bf1 b5 $2 11. d5 Nxd5 12. exd5 Bxd5 13. Qxd5 Bf6 14. Qxc6
b4 15. Bd3 a5 16. Qe4 g6 17. a3 bxa3 18. Rxa3 Bg7 19. Bc4 Rc8 20. Ng5 d5 21.
Bxd5 c6 22. Bc4 Rc7 23. Rf3 Re7 24. Qxe7 Qxe7 25. Rxe7 Kh8 26. Nxf7+ Kg8 27.
Ng5+ Kh8 28. Rxf8+ Bxf8 29. Rxh7# 1-0

[Event "Mechanics' Winter TNM; 30/90, SD/30"]
[Site "San Francisco"]
[Date "2015.01.20"]
[Round "3.5"]
[White "Bachseitz, Martin"]
[Black "Gaffagan, Steven"]
[Result "1/2-1/2"]
[WhiteElo "1712"]
[BlackElo "2150"]
[PlyCount "98"]
[EventDate "2015.??.??"]

1. d4 Nf6 2. c4 e6 3. Nc3 Bb4 4. a3 Bxc3+ 5. bxc3 Nc6 6. g3 d6 7. Bg2 O-O 8. e4
e5 9. Ne2 Qe7 10. Bg5 h6 11. Bxf6 Qxf6 12. O-O Qe7 13. Nc1 Na5 14. Qd3 b6 15.
c5 dxc5 16. d5 Nb7 17. Nb3 Nd6 18. Nd2 a5 19. c4 Ba6 20. a4 Bc8 21. Nb1 Ba6 22.
Na3 Rad8 23. Qc2 Qd7 24. Rfe1 Rfe8 25. Re3 Re7 26. f4 Rde8 27. f5 f6 28. Bf3
Rf8 29. h4 Qe8 30. Kh2 Kh8 31. Rc3 g5 32. Qd1 g4 33. Bg2 h5 34. Nb5 Bxb5 35.
axb5 Qf7 36. Qd2 Kh7 37. Qe3 Ree8 38. Ra4 Ra8 39. Rd3 Rh8 40. Rd2 Kg7 41. Bh1
Kf8 42. Bg2 Qd7 43. Rf2 Ke8 44. Bh1 Ke7 45. Qc1 Qd8 46. Bg2 Qf8 47. Bh1 Ke8 48.
Bg2 Qe7 49. Bh1 Qd8 1/2-1/2

[Event "Mechanics' Winter TNM; 30/90, SD/30"]
[Site "San Francisco"]
[Date "2015.02.03"]
[Round "5.15"]
[White "Bachseitz, Martin"]
[Black "Krasnov, Steven"]
[Result "0-1"]
[WhiteElo "1712"]
[BlackElo "2016"]
[PlyCount "74"]
[EventDate "2015.??.??"]

1. d4 Nf6 2. c4 e6 3. Nc3 d5 4. cxd5 exd5 5. Bg5 Be7 6. e3 O-O 7. Bd3 Nbd7 8.
Qc2 Re8 9. Nge2 h6 10. Bh4 c6 11. O-O b5 12. a3 a6 13. Rad1 Bb7 14. f3 Rc8 15.
b4 a5 16. Na2 axb4 17. axb4 Ra8 18. Qb3 Nb6 19. Nac3 Qd6 20. Rb1 Nc4 21. Bxc4
bxc4 22. Qb2 Ba6 23. b5 cxb5 24. Nxb5 Bxb5 25. Qxb5 Reb8 26. Qc5 Qxc5 27. dxc5
Bxc5 28. Bf2 Re8 29. Nd4 Ra2 30. Rfe1 Nd7 31. Rbc1 Ne5 32. Rc2 Rxc2 33. Nxc2
Nd3 34. Rb1 Ra8 35. Bg3 Ra2 36. Nd4 c3 37. Rd1 Bxd4 0-1

[Event "Mechanics' Winter TNM; 30/90, SD/30"]
[Site "San Francisco"]
[Date "2015.02.24"]
[Round "8.16"]
[White "Bachseitz, Martin"]
[Black "Maser, Thomas"]
[Result "0-1"]
[WhiteElo "1712"]
[BlackElo "1921"]
[PlyCount "120"]
[EventDate "2015.??.??"]

1. e4 e5 2. Nf3 Nc6 3. Bb5 a6 4. Ba4 d6 5. c3 Bd7 6. O-O g6 7. Re1 Nf6 8. d4
Bg7 9. Nbd2 b5 10. Bc2 O-O 11. d5 Ne7 12. b4 Nh5 13. Nb3 Qe8 14. Bg5 h6 15.
Bxe7 Qxe7 16. g3 Bg4 17. Qd3 f5 18. Nh4 Qg5 19. Nd2 f4 20. Bd1 fxg3 21. fxg3
Rf7 22. Ndf3 Qf6 23. Rf1 Bh3 24. Rf2 Raf8 25. Rc1 g5 26. Nf5 Bxf5 27. exf5 g4
28. Nh4 Nf4 29. gxf4 Qxh4 30. Qg3 Qxg3+ 31. hxg3 h5 32. fxe5 Bxe5 33. Kg2 Rxf5
34. Rxf5 Rxf5 35. Be2 Kg7 36. c4 Bd4 37. Rf1 Rxf1 38. Bxf1 Bc3 39. cxb5 axb5
40. Bxb5 Bxb4 41. Be8 Kh6 42. a4 Kg5 43. Bd7 Be1 44. Kh2 h4 45. gxh4+ Kxh4 46.
Kg2 Kg5 47. Bc8 Kf4 48. Bd7 Ke5 49. Be6 c5 50. a5 Bxa5 51. Kg3 Kd4 52. Kxg4 c4
53. Kf3 Kd3 54. Bf5+ Kd2 55. Ke4 c3 56. Kd4 c2 57. Bxc2 Kxc2 58. Kc4 Bb6 59.
Kb5 Bc5 60. Kc6 Kd3 0-1

[Event "Mechanics' Winter TNM; 30/90, SD/30"]
[Site "San Francisco"]
[Date "2015.01.13"]
[Round "2.40"]
[White "Bailey, Michael"]
[Black "Casares Jr., Nick"]
[Result "1-0"]
[WhiteElo "1119"]
[BlackElo "1600"]
[Annotator "Donaldson"]
[PlyCount "121"]
[EventDate "2015.??.??"]

1. e4 e5 2. Nf3 Nc6 3. Bb5 a6 4. Ba4 Nf6 5. O-O b5 6. Bb3 Be7 7. Re1 O-O 8. c3
d5 9. exd5 Nxd5 10. Nxe5 Nxe5 11. Rxe5 c6 12. d4 Bd6 13. Re1 Qh4 14. g3 Qh3 15.
Be3 Bg4 16. Qd3 Rae8 17. Bxd5 cxd5 18. Nd2 f5 19. Qf1 Qh5 20. Qg2 f4 21. Bxf4
Bxf4 22. gxf4 Rxf4 23. Rxe8+ Qxe8 24. Qxd5+ Be6 25. Re1 Rg4+ 26. Kf1 Rg6 27.
Qf3 Qc8 28. Re3 Rh6 29. Qe2 Qc6 30. Ke1 Qh1+ 31. Nf1 Qc6 32. Ng3 Rf6 33. Re5
Bc4 34. Re8+ Rf8 35. Rxf8+ Kxf8 36. Qe4 Qh6 37. Qa8+ Kf7 38. Qa7+ Ke8 39. Qa8+
Kd7 40. Qf3 Qc1+ 41. Qd1 Qf4 42. b3 Bd5 43. Qd2 Qg4 44. Qe3 Qg6 45. Kd2 Qb1 46.
Qe5 Qxa2+ 47. Ke3 Qxb3 48. Qxg7+ Kc6 49. Qf6+ Kb7 50. Qe7+ Kc6 51. Qc5+ Kb7 52.
Ne4 Bxe4 53. Kxe4 Qc2+ 54. Kd5 Qf5+ 55. Kd6 Qf6+ 56. Kd7 Qf7+ 57. Kd6 Qf6+ 58.
Kd7 Qf7+ 59. Qe7 Qxe7+ 60. Kxe7 Kc8 $2 (60... a5 61. d5 a4 62. d6 a3 63. d7 a2
64. d8=Q a1=Q $18) 61. d5 1-0

[Event "Mechanics' Leighton Allen TNM; G/2"]
[Site "San Francisco"]
[Date "2015.08.25"]
[Round "4.7"]
[White "Basak, Aniruddha"]
[Black "Andries, Craig"]
[Result "1-0"]
[WhiteElo "2165"]
[BlackElo "1863"]
[PlyCount "69"]
[EventDate "2015.??.??"]

1. e4 g6 2. d4 d6 3. Nc3 Bg7 4. Nf3 Nf6 5. h3 O-O 6. Be3 c6 7. a4 a5 8. Qd2 Na6
9. Be2 Bd7 10. O-O Nb4 11. Bh6 b6 12. e5 Ne8 13. Rac1 d5 14. Nd1 Nc7 15. c3
Nba6 16. Bxg7 Kxg7 17. Ne3 h6 18. Nh2 Ne8 19. Neg4 Rh8 20. f4 f5 21. Ne3 e6 22.
Nf3 Nac7 23. Kh2 Qe7 24. g4 Kh7 25. Rg1 Ng7 26. Qe1 Raf8 27. Qg3 Qf7 28. Nh4
Nce8 29. gxf5 Nxf5 30. Nexf5 gxf5 31. Qg6+ Qxg6 32. Nxg6 Nc7 33. Rg2 Rfg8 34.
Rcg1 Be8 35. Nf8+ 1-0

[Event "Mechanics' Spring TNM; G/2"]
[Site "San Francisco"]
[Date "2015.04.07"]
[Round "4.7"]
[White "Basak, Aniruddha"]
[Black "Campers, Willie"]
[Result "1-0"]
[WhiteElo "2039"]
[BlackElo "1727"]
[PlyCount "79"]
[EventDate "2015.??.??"]

1. e4 c5 2. Nf3 d6 3. d4 cxd4 4. Nxd4 a6 5. Nc3 Nc6 6. Be3 g6 7. f3 Bg7 8. Qd2
Bd7 9. Nd5 h5 10. Nxc6 bxc6 11. Bb6 Qb8 12. Nc7+ Kf8 13. Nxa8 Qxa8 14. Bd4 Nf6
15. e5 dxe5 16. Bxe5 Qa7 17. O-O-O Be6 18. Qd8+ Ne8 19. Bxg7+ Kxg7 20. Qd4+
Qxd4 21. Rxd4 Nc7 22. Bc4 Nb5 23. Bxb5 cxb5 24. a4 Rc8 25. axb5 axb5 26. Kd2
Bf5 27. Rc1 Rc5 28. c4 bxc4 29. Rcxc4 Rb5 30. b4 Be6 31. Rc5 Rb7 32. b5 Bf5 33.
Rb4 Kf6 34. b6 g5 35. Rc6+ Be6 36. Rc7 Rb8 37. b7 Bf5 38. Rb6+ Kg7 39. Ra6 Rd8+
40. Ke1 1-0